| 000 | 00725cab a2200229 4500 | ||
|---|---|---|---|
| 001 | WB3505-36 | ||
| 008 | 090401t1999 xxu||||| |||| 00| 0 eng d | ||
| 035 | _a(Sirsi) u91064 | ||
| 041 | _aeng | ||
| 245 | _aFarmland Price survey | ||
| 260 | _c1999 | ||
| 350 | _a0 | ||
| 490 |
_aRICS Press Release _v(pr160) 29 January 1999 (2) |
||
| 520 | _aThe latest RICS Farmland Price Survey shows that the decline in UK farmland values slowed down during 4Q 1998. Available on subscription from the RICS Library, price £100 a year. | ||
| 650 | _aFARMLAND MARKET | ||
| 650 | _aFARMLAND PRICE SURVEY | ||
| 650 | _aFARMLAND VALUES | ||
| 650 | _aRICS SURVEYS | ||
| 690 | _aRURAL PRACTICE | ||
| 942 | _n0 | ||
| 948 | _c02/02/1999 | ||
| 999 |
_c57778 _d57778 |
||